<Die> Nationalökonomie als Universitätswissenschaft
Enregistré dans:
| Auteur principal: | |
|---|---|
| Format: | Livre |
| Langue: | allemand |
| Publié: |
Leipzig
Teubner
1906
|
| Édition: | 1. Aufl. |
| Tags: |
Pas de tags, Soyez le premier à ajouter un tag!
|
MARC
| LEADER | 00000nam a2200000 4500 | ||
|---|---|---|---|
| 001 | c024652 | ||
| 005 | 20221220103610.0 | ||
| 041 | 0 | |a ger | |
| 044 | |a DE | ||
| 245 | 1 | 0 | |a <Die> Nationalökonomie als Universitätswissenschaft |c Wilhelm Stieda |
| 250 | |a 1. Aufl. | ||
| 264 | 1 | |a Leipzig |b Teubner |c 1906 | |
| 300 | |a 407 s. | ||
| 100 | 1 | |a Stieda, Wilhelm | |